Cyprus Airways Destinations - Statistics

General Stats
  • This quiz has been taken 34 times
  • The average score is 10 of 12
Answer Stats
Country Destination % Correct
Greece Athens
100%
United Arab Emirates Dubai
100%
France Paris
100%
Spain Barcelona
96%
Italy Milan
96%
Israel Tel Aviv
92%
Lebanon Beirut
88%
Cyprus Larnaca
85%
Greece Rhodes
81%
Italy Venice
65%
Greece Skiathos
46%
Greece Preveza/Lefkada
23%
No matching quizzes found
Score Distribution
Percent of People with Each Score
Percentile by Number Answered
Your Score History
You have not taken this quiz